| 000 | 00759 a2200205 4500 | ||
|---|---|---|---|
| 001 | 48287 | ||
| 005 | 20260407155748.0 | ||
| 008 | 260407a2011 arg spa d | ||
| 003 | AR-UNSa-BCEJYS | ||
| 040 |
_aAR-UNSa-BCEJYS _bspa _cAR-UNSa-BCEJYS |
||
| 080 |
_a347.736 _xQuiebra. Insolvencia. Suspensión de pagos. Bancarrota, procedimientos. Derecho Concursal |
||
| 245 | 1 | 0 |
_aLey de concursos y quiebras _p24.522 y modificatorias. Adenda de actualización Ley 26.684 |
| 264 | 1 |
_aBuenos Aires : _bAstrea _c2011 |
|
| 300 |
_a63 p. _c22 cm. |
||
| 041 | _aspa | ||
| 942 | _cBK | ||
| 590 | _aniveau_biblio:m niveau_hierar:0 | ||
| 100 | 1 | _aGebhardt, Marcelo | |
| 856 | 4 | 1 |
_uhttps://www.biblioeco.unsa.edu.ar/pmb/images/libros/E00081.jpg _yImagen de portada _qimage/jpeg |
| 999 |
_c4569 _d4569 |
||